| 000 | 01078nam a2200289 i 4500 | ||
|---|---|---|---|
| 001 | 000031712 | ||
| 003 | DO-SdBNP | ||
| 005 | 20240306083937.0 | ||
| 007 | ta | ||
| 008 | 110630e1987 dr 000 0 spa d | ||
| 040 |
_aDO-SdBNP _bspa _cBNPHU _erda |
||
| 082 |
_bA445r _222 |
||
| 100 | 1 |
_aAlmánzar García, José Nicolás _93006 _eautor |
|
| 245 | 1 | 0 |
_a"Régimen municipal y provincial en la República Dominicana": _bfolleto para la formación política _cpor José Nicolás Almánzar García. |
| 246 | 1 | 3 |
_aInstituto de Formación política del Partido Reformista : _bfolleto para la formación política. |
| 264 | 1 |
_aSanto Domingo : _bIFP, _c1987. |
|
| 300 |
_a92 páginas : _c21 cm. |
||
| 336 |
_2rdacontent _atexto _btxt |
||
| 337 |
_2rdamedia _asin mediación _bn |
||
| 338 |
_2rdacarrier _avolumen _bnc |
||
| 490 | _aPartido Reformista Social Cristiano | ||
| 500 | _a | ||
| 504 | _aBibliografía página [96]. | ||
| 590 | _aInventariado 2023 / MF | ||
| 710 | 2 |
_aInstituto de Formación Política del Partido Reformista Social Cristiano _955055 |
|
| 942 |
_2ddc _cLBS1 |
||
| 999 |
_c31204 _d31204 |
||